LIBRARY & INFORMATION CENTRE, KCAET, TAVANUR

ONLINE PUBLIC ACCESS CATALOGUE (OPAC)

Engineering thermodynamics work and heat transfer / (Record no. 1432)

MARC details
000 -LEADER
fixed length control field 00463cam a2200181ua 4500
041 ## - LANGUAGE CODE
Language code of text/sound track or separate title eng
082 ## - DEWEY DECIMAL CLASSIFICATION NUMBER
Classification number 621.4021
Item number ROG/EN
100 ## - MAIN ENTRY--AUTHOR NAME
Personal name Rogers, G.F.C.
245 ## - TITLE STATEMENT
Title Engineering thermodynamics work and heat transfer /
260 ## - PUBLICATION, DISTRIBUTION, ETC. (IMPRINT)
Place of publication London :
Name of publisher Longman ,
Year of publication 1969.
300 ## - PHYSICAL DESCRIPTION
Number of Pages 662 ; .
700 1# - ADDED ENTRY--PERSONAL NAME
Personal name Mayhew, V.R.
942 ## - ADDED ENTRY ELEMENTS (KOHA)
Koha item type Books
Holdings
Withdrawn status Lost status Damaged status Home library Current library Date acquired Full call number Accession Number Koha item type
      KAUAET KAUAET 07/04/2012 621.4021 12518 Books
free website counter